00998 2200349 4500001002100000005001500021035002000036007000300056040001700059100002900076245007600105250001100181300003800192504002500230020001800255041000800273082001000281084001600291090002500307264003100332336002100363337003000384338002300414500002900437650001400466700006300480850001000543008004100553990001800594990001800612990001800630INLIS00000000000481320260522025203 a0010-0122000445ta aSBPUPADbind0 aMujamil QomarePengarang1 aPesantren :bDari Tranformasi Metodologi Menuju Demokratisasi Institusi aCet. 3 aJakarta :billus. ;c15,5 x 23 cm abibliografi, hlm 197 a979-781-072-0 aind a2X6.1 a2X6.1 MUJ p a2X6.1 MUJ p 2 4 R 19 aJakarta :bErlangga,c2007 2rdacontentateks 2rdamediaatanpa perantara 2rdacarrieravolume aProfile Penulis, hlm 205 4aPesantren aEditor, Sayed Mahdi,Editor ke -2 ,Setya BhawonoePengarang aPUPAD260522 0  a13877/BR/2010 a13875/BR/2010 a13876/BR/2010